000 00653nam a22002297a 4500
005 20251108173052.0
008 250721s2003 xx 000 0 eng d
020 _a821355783
082 1 4 _aWB/616.9792/ JEN
100 1 _ajenkins, carol
245 1 0 _aHIV/AIDS In The Middle East And North Africa The Cost Of Inaction /
264 1 _awashington :
_bThe International Bank For Reconstruction and Development,
_c2003.
300 _a173 P
650 1 7 _aAIDS (DISEASE)
650 1 7 _aHIV (VIRUSES)
650 1 7 _aAFRICA
650 1 7 _aNORTH AFRICA
650 1 7 _aMIDDLE EAST
700 1 _arobalino, david a.
942 _2ddc
_cBK
999 _c95311
_d95311